LEADER 00577nam 2200169z- 450 001 9910693660503321 035 $a(CKB)5410000000079646 035 $a(EXLCZ)995410000000079646 100 $a20240129c2001uuuu -u- - 101 0 $aeng 200 10$aElection reform : an analysis of proposals and the Commission's recommendations for improving America's elections systems 210 $cWashington, D.C.: U.S. Commission on Civil Rights$aWashington, D.C 517 $aElection Reform 906 $aBOOK 912 $a9910693660503321 996 $aElection reform$93120929 997 $aUNINA